[Event "Budapest Krenosz Memorial"]
[Site "Budapest"]
[Date "1976.06.17"]
[Round "2"]
[White "Filipowicz, Andrzej"]
[Black "Ujtelky, Maximilian"]
[Result "1-0"]
[WhiteElo "2385"]
[BlackElo "2305"]
[Annotator "Filipowicz/Tompa"]
[PlyCount "63"]
[EventDate "1976.06.16"]
[EventType "tourn"]
[EventRounds "15"]
[EventCountry "HUN"]
[SourceTitle "EXT 2021"]
[Source "ChessBase"]
[SourceDate "2020.10.23"]
[SourceVersion "1"]
[SourceVersionDate "2020.10.23"]
[SourceQuality "1"]

1. e4 g6 2. d4 Bg7 3. f4 (3. Be3 d6 4. c4 Nd7 5. Nc3 c6 6. Qd2 Qc7 7. Be2 h6 8.
f4 e6 9. g4 Ne7 10. h4 $16 {Filipowicz-Ujtelky,Polanica,1966}) 3... e6 4. Nf3
d5 5. Nc3 (5. e5 $5) 5... dxe4 6. Nxe4 Ne7 7. Bd3 b6 8. c3 Bb7 9. Be3 Nd5 10.
Qd2 Nxe3 11. Qxe3 Nd7 12. O-O O-O 13. Ne5 Qe7 14. Qh3 h6 15. Rae1 Rad8 16. Ng4
h5 (16... Bxe4 17. Bxe4 h5 18. Ne5 $16) 17. Ng5 $1 Bd5 (17... Rfe8 18. Bxg6
fxg6 19. Rxe6 Qxe6 20. Nxe6 hxg4 21. Qh4 Rc8 22. Re1 Nf6 23. Qg5 Bd5 24. f5 Re7
25. Qxg6 $18) 18. Ne3 Nf6 $2 19. f5 $1 $18 Ng4 20. Nh7 $1 Nxe3 21. f6 Qd6 22.
Rxe3 (22. fxg7 Kxg7 23. Rxe3 Kxh7 24. Qxh5+ Kg7 25. Qg5 $18) 22... Bh6 (22...
Kxh7 23. Qxh5+ Kg8 24. Qh4 $1 $18) 23. Re5 Qxe5 (23... Rfe8 24. Bxg6 fxg6 25.
Ng5 $18) 24. dxe5 Kxh7 25. g4 (25. a4 $5) (25. Qxh5 Bc4 $1) 25... hxg4 26. Qxg4
Be3+ 27. Rf2 Bxf2+ 28. Kxf2 Rh8 29. c4 $1 Bc6 30. Bxg6+ fxg6 31. Qh3+ Kg8 32.
Qxe6+ 1-0

[Event "FIDE-Wch k.o."]
[Site "Tripoli"]
[Date "2004.06.22"]
[Round "2.3"]
[White "Hamdouchi, Hicham"]
[Black "Kudrin, Sergey"]
[Result "1/2-1/2"]
[WhiteElo "2544"]
[BlackElo "2557"]
[Annotator "Finkel,A"]
[PlyCount "101"]
[EventDate "2004.06.19"]
[EventType "k.o."]
[EventRounds "7"]
[EventCountry "LBY"]
[SourceTitle "CBM 102"]
[Source "ChessBase"]
[SourceDate "2004.09.23"]
[SourceVersion "1"]
[SourceVersionDate "2004.09.23"]
[SourceQuality "1"]

1. e4 c5 2. Nf3 g6 3. c3 d5 4. exd5 Qxd5 5. d4 Bg7 6. Na3 cxd4 (6... a6 7. Nc4
(7. dxc5 $5 Qxc5 (7... Qxd1+ 8. Kxd1 Bg4 9. Be3 Nd7 10. Rc1 $16) 8. Be3 Qc7 9.
Nc4 Nd7 10. a4 $14) (7. Bc4 Qe4+ 8. Be3 Bh6 9. O-O Bxe3 10. fxe3 Nh6 11. Qb3 e6
12. Rae1 b5 13. Be2 c4 14. Qd1 Qxe3+ 15. Kh1 Nf5 16. Bxc4 Qh6 17. Bd5 Ra7 18.
Kg1 O-O 19. Be4 $14 {1/2-1/2 Ivanov,V-Rashkovsky,N/RUS-Cup2 1996/EXP 56 (32)})
7... Nd7 8. Ne3 Qd6 9. d5 Ngf6 10. a4 $14) 7. Bc4 (7. Nb5 Na6 (7... Qd8 8. Bf4
Na6 9. Nbxd4 $14) 8. Be3 $5 Bg4 9. Qa4 $5 (9. Nbxd4 Nf6 10. Be2 O-O 11. O-O $14
) 9... Bd7 (9... Kf8 $6 10. Nfxd4 $16 {Rausis,I-Permjakov,V/LAT-ch 1994}) 10.
Nfxd4 Bxd4 11. Bxd4 Qe4+ 12. Be2 Nf6 $13) 7... Qe4+ (7... Qd8 8. Qb3 e6 9. Nxd4
Ne7 10. Bg5 h6 11. Be3 Nd5 12. Bxd5 exd5 13. O-O $14 {Sveshnikov,E-Cvitan,O/
Tilburg 1993}) 8. Be3 Nh6 (8... dxe3 $4 9. Bxf7+ Kxf7 (9... Kf8 10. Qd8+ Kxf7
11. Ng5+ $18) 10. Ng5+ $18) (8... Bg4 9. cxd4 (9. Nb5 $5 Qc6 10. Bxd4 Qxc4 11.
Bxg7 Qxb5 12. Bxh8 f6 13. h3 Bxf3 14. Qxf3 $16 {/+-}) 9... Bxf3 10. gxf3 Qf5
11. Nb5 $36) 9. cxd4 $6 {After this move black manages to equalize without too
many problems. More problems poses 9.Nb5 with good chances to get an opening
advantage.} (9. Bd3 $6 Qg4 10. h3 Qxg2 11. Rh2 Qxh2 12. Nxh2 dxe3 13. fxe3 O-O
$15 {Svetushkin,D-Hamdouchi,H/Ubeda 1999}) (9. Nb5 $5 O-O 10. cxd4 Na6 11. Nc3
Qc6 12. Qb3 (12. Bb5 Qd6 13. O-O Nf5 14. Qd2 Nxe3 15. fxe3 Nc7 16. Bd3 $14 {
Hamdouchi,H-Kudrin,S/Tripoli 2004}) 12... Nf5 13. O-O Qb6 $6 14. Qxb6 axb6 15.
Na4 $16 {Nepomniashchy,Y-Carlsen,M/Chalkidiki 2003}) 9... O-O 10. O-O Bg4 $1 {
Temporary pawn sacrifice.} (10... Nf5 11. Re1 Nh4 (11... Qc6 12. Bb3 (12. Rc1
Qb6 13. Bb3 $14 {[%cal Ga3c4]}) 12... b5 13. Rc1 Qb6 14. Bd5 Bb7 15. Qb3 a6 16.
Nc4 Qa7 17. Bxf7+ $1 $18 {Potkin,V-Isajevsky,A/Kazan 2001}) 12. Nxh4 Qxh4 $13)
(10... Nc6 $6 11. Re1 Qg4 12. d5 $1 Na5 13. Bd3 {[%csl Ra5]} Nf5 14. Qd2 $36 {
/+/=}) 11. Bxh6 (11. Ng5 $6 Bxd1 12. Nxe4 Bg4 13. Nc5 Nc6 14. h3 Bc8 $15 {
Maeser,F-Gallagher,J/Switzerland 2003}) 11... Bxh6 12. Re1 Qf4 $5 (12... Qf5 $5
13. Rxe7 Nc6 14. Rxb7 Rad8 15. Be2 Bxf3 16. Bxf3 Nxd4 17. Bg4 Qe4 18. Rxa7 Bg7
$44 {Kupper,P-Pelletier,Y/Switzerland 2001}) (12... Bxf3 $6 13. Rxe4 Bxd1 14.
Rxd1 Bg5 15. Re5 $1 Bf6 16. Rb5 Nc6 17. d5 $14 {Sveshnikov,E-Najer,E/St
Petersburg 1998}) 13. Rxe7 Nc6 14. Rxb7 Rab8 15. Rxb8 Rxb8 $44 16. Be2 {
White is still trying to fight for advantage , while it was just about time to
find a secure way to equality.} (16. h3 Bxf3 17. Qxf3 Qxf3 18. gxf3 Nxd4 $11) (
16. Nb5 a6 17. Bd5 Ne7 18. Nc3 Nxd5 19. Nxd5 Bxf3 20. Qxf3 Qxf3 21. gxf3 Rxb2
$11) 16... Bxf3 17. Bxf3 Nxd4 18. b3 $2 {This move is a blunder afterr which
black gets the decisive advantage.} (18. Rb1 Bg7 19. Bd5 Rd8 20. g3 Qe5 21. Bf3
Qe6 22. Kg2 Qxa2 $15) 18... Bg7 $1 $19 {[%csl Ra1,Rf3][%cal Gg7e5]} 19. Rb1 (
19. Qc1 Nxf3+ 20. gxf3 Qxc1+ 21. Rxc1 Bb2 $19) 19... Be5 20. Kf1 Qxh2 21. g3
Nf5 $1 22. Bg2 Bxg3 $6 ({Straightforward} 22... Rb6 $1 $19 {[%cal Gb6f6,Gf5g3]
would seal the victory for black.}) 23. Qf3 Bh4 24. Rd1 Re8 25. Nc4 Bf6 $6 (
25... h5) 26. Nd6 Nh4 (26... Nxd6 27. Qxf6 Re6 28. Qf3 Kg7 29. Qc3+ Rf6 30. Rd3
Nf5 $17) 27. Qg3 Qxg3 28. fxg3 Nxg2 $2 {It's black's turn to blunder!} (28...
Rd8 29. gxh4 Be5 30. b4 Rxd6 $17) 29. Nxe8 Ne3+ 30. Ke2 Nxd1 31. Nxf6+ Kg7 32.
Nd5 Nb2 33. Kd2 h5 34. Kc2 Na4 35. bxa4 g5 36. Kd3 Kg6 37. Ke4 f5+ 38. Ke5 $2 {
Missing a win after} (38. Kf3 $1 h4 (38... Kf7 39. Nb4 Ke6 40. Nc6 a6 41. Nb8
a5 42. Nc6 h4 43. gxh4 gxh4 44. Nxa5 Kd5 45. Nb3 Kc6 46. Kg2 f4 47. Kh3 f3 48.
Nd2 f2 49. Kxh4 Kb6 50. Kg3 $18) 39. gxh4 gxh4 40. Ne7+ Kf6 41. Nc6 a6 42. a5
Ke6 43. Nb8 Kd6 44. Nxa6 Kc6 45. Nb4+ Kb7 46. Kg2 f4 47. Nd3 Ka6 48. Nxf4 Kxa5
49. Nd3 Ka4 50. Nc1 $18) 38... h4 $11 39. gxh4 gxh4 40. Kf4 (40. Ne7+ Kg5 41.
Nxf5 h3 42. Ke4 Kg4 43. Ne3+ Kg3 44. a5 a6 45. a3 Kf2 46. Kf4 h2 47. Ng4+ Kg1
48. Nxh2 Kxh2 49. Ke5 Kg3 50. Kd6 Kf4 51. Kc6 Ke5 52. Kb6 Kd6 53. Kxa6 Kc7 $11)
40... Kf7 41. Ne3 Ke6 42. a5 h3 43. Nf1 Kd5 44. Kxf5 Kc5 45. a6 Kb6 46. Kg4
Kxa6 47. Kxh3 Kb5 48. Kg3 Kb4 49. Kf3 Ka3 50. Ke3 Kxa2 51. Ke4 1/2-1/2

[Event "FRA-ch"]
[Site "Val d'Isere"]
[Date "2002.08.23"]
[Round "5"]
[White "Skripchenko, Almira"]
[Black "Fressinet, Laurent"]
[Result "1-0"]
[WhiteElo "2497"]
[BlackElo "2619"]
[Annotator "Finkel,A"]
[PlyCount "73"]
[EventDate "2002.08.19"]
[EventType "tourn"]
[EventRounds "11"]
[EventCountry "FRA"]
[EventCategory "13"]
[SourceTitle "CBM 091"]
[Source "ChessBase"]
[SourceDate "2002.11.12"]
[SourceVersion "1"]
[SourceVersionDate "2002.11.12"]
[SourceQuality "1"]

1. e4 g6 2. d4 Bg7 3. Nf3 d6 4. Bc4 e6 $5 5. O-O Nd7 6. Nc3 a6 {This set-up
became very popular lately.} (6... Ne7 7. Be3 (7. Bg5 h6 8. Be3 O-O 9. Qd2 Kh7
10. Bd3 a6 11. Ne2 b6 12. c4 Bb7 13. b4 Nf6 $14 {Eigner,S-Burkhardt,H/Vorra
1990}) 7... a6 8. Qd2 h6 9. h3 b6 10. Nh2 Bb7 11. f4 Nf6 12. Bd3 c5 $13 {
Kuhn,N-Feustel,B/Germany 1995}) 7. a4 b6 8. Bf4 Bb7 9. Qd2 h6 10. h3 g5 11. Bh2
Ne7 (11... Ngf6 12. e5 dxe5 13. Nxe5 (13. dxe5 Ne4 14. Nxe4 Bxe4 $132) 13...
Nxe5 14. Bxe5 O-O 15. f4 $14) 12. h4 $2 {Bad decision which could cost white a
pawn.} Ng6 $6 {Black doesn't take his chance after} (12... g4 $1 13. Ne1 Nc6 {
[%csl Rd4,Rh4]} 14. d5 (14. Ne2 Qxh4 $17) 14... Nce5 15. dxe6 Nxc4 16. exd7+
Qxd7 $17 {with clear advantage.}) 13. h5 Ne7 14. d5 e5 (14... exd5 $6 15. exd5
(15. Nxd5 Bxb2 16. Rab1 Bg7 $15) 15... Nf6 16. Rfe1 Nxh5 17. Nd4 $36 {[%cal
Gd4f5,Ga4a5]}) 15. Ne1 {[%cal Gg2g4] Preparing g4} (15. g4 $2 Nf6) 15... f5 16.
exf5 Nf6 17. f3 Nxf5 18. Ne4 O-O (18... Nxh5 $2 19. g4) 19. c3 Kh8 20. Rd1 Qe8
21. Bb3 Ne7 $6 (21... Rd8 $5 {[%cal Gd8d7,Gd7f7]}) 22. Nxf6 Rxf6 23. g4 $1 {
[%csl Re7] Cutting off black knight on e7.} c6 24. c4 cxd5 25. cxd5 Rc8 $6 (
25... Qf7 26. Qd3 Rf8 $13) 26. Ng2 $1 Qf7 27. Qd3 Rf8 28. Ne3 $1 $36 Qe8 $2 {
[%csl Rh7] Permitting white to finish a game with nice combination.} (28...
Rxf3 29. Rxf3 Qxf3 30. Rf1 e4 (30... Qh3 31. Rxf8+ Bxf8 32. Bc2 $1 $18 {
[%csl Rh8]}) 31. Qd2 Qh3 32. Rxf8+ Bxf8 33. Qd4+ Bg7 34. Qxe4 $16) (28... Qg8)
29. Bc2 Kg8 30. Bxe5 $1 dxe5 31. Qh7+ Kf7 32. d6 {[%cal Gc2b3]} Rh8 33. Bb3+
Bd5 (33... Kf8 34. dxe7+ Qxe7 35. Qd3 Bxf3 36. Nf5 $18 {[%cal Gd3d8]}) 34. Nxd5
$1 {Very nice tactical blow.} Rxh7 35. Nxf6+ Kxf6 36. d7 Qd8 37. Rd6# 1-0

[Event "BIH-chT"]
[Site "Neum"]
[Date "2004.06.05"]
[Round "8.5"]
[White "Fercec, Nenad"]
[Black "Vujadinovic, Goran"]
[Result "1-0"]
[WhiteElo "2460"]
[BlackElo "2388"]
[Annotator "Finkel,A"]
[PlyCount "55"]
[EventDate "2004.05.29"]
[EventType "team"]
[EventRounds "9"]
[EventCountry "BIH"]
[SourceTitle "CBM 102"]
[Source "ChessBase"]
[SourceDate "2004.09.23"]
[SourceVersion "1"]
[SourceVersionDate "2004.09.23"]
[SourceQuality "1"]
[WhiteTeam "Siroki Brijeg"]
[BlackTeam "S Saraj"]
[WhiteTeamCountry "BIH"]
[BlackTeamCountry "BIH"]

1. e4 d6 2. d4 g6 3. Nc3 Bg7 4. Bg5 c6 (4... h6 5. Be3 (5. Bh4 Nf6 6. Be2 c5 7.
e5 Nh5 8. dxc5 Nf4 9. Bg3 dxe5 10. Qxd8+ Kxd8 11. O-O-O+ Bd7 12. Bf3 Nc6 $13 {
Unzicker,W-Botvinnik,M Moscow 1956}) 5... Nf6 6. h3 c6 7. Nf3 Qc7 8. a4 Nbd7 9.
Be2 b6 10. O-O O-O {Todorovic,GM-Damljanovic,B JUG-chT Tivat 1995}) 5. Qd2 b5
6. f4 Qb6 (6... Nf6 7. Bd3 Nbd7 (7... b4 8. Nce2 Qb6 9. Nf3 d5 10. e5 Ne4 11.
Qe3 Na6 12. Bh4 Nc7 13. O-O Bf5 14. a3 b3 15. c4 Ne6 16. Rfc1 $16 {Gofshtein,
L-Hoi,C Berlin 1993}) 8. Nf3 O-O 9. e5 (9. O-O Nb6 10. Rae1 b4 11. Ne2 c5 12.
c4 bxc3 13. bxc3 cxd4 14. cxd4 d5 15. Bxf6 exf6 $1 16. Nc3 dxe4 17. Bxe4 Rb8
18. Bc6 Ba6 $36 {Tiviakov,V-Hennigan,M,Oakham 1992-CBM 30}) 9... b4 $8 10. Nd1
$6 Nd5 $1 11. exd6 f6 12. Bh4 exd6 13. O-O Bh6 $1 $15 {Leko,P-Gurevich,M/Wijk
op 1993}) (6... b4 7. Nd1 Qb6 8. c3 a5 9. Ne3 Ba6 10. Bxa6 Nxa6 11. Ne2 Nf6 12.
Ng3 h5 13. e5 $36 {Shereshevski,M-Hazai,L Budapest 1991}) 7. Nf3 Bg4 8. O-O-O
b4 (8... Bxf3 9. gxf3 Nd7 10. Bh3 Qa5 {[%cal Gd7b6]} 11. Bxd7+ Kxd7 12. e5 d5
13. e6+ Kxe6 14. f5+ Kd7 15. Rhe1 Re8 16. Qf4 Bf6 $15 {Rohwer,P-Weeramantry,S/
New York 1991}) (8... Nd7 $5 9. h3 (9. Be2 $6 b4 10. Nb1 Ngf6 11. Qe3 Be6 $1
$36 {Van den Doel,E-Nijboer,F/Rotterdam 1997}) 9... Bxf3 10. gxf3 Qa5 11. Kb1
Nb6 12. Ne2 Qxd2 13. Rxd2 Nf6 14. Ng3 h6 15. Bh4 a6 $13 {Razmyslov,A-Seul,G/
Bad Zwesten 1997}) 9. Ne2 Nd7 10. h3 {It's pity to waste a tempo on forcing
black to take on f3, but white can afford it.} Bxf3 11. gxf3 c5 (11... Ngf6 12.
Ng3 h6 $6 13. Bh4 Qa5 14. Kb1 Nh5 15. e5 $14 {Pinter,G-Mihalka,Z/Budapest 1998}
) (11... Qa5 12. Kb1 Rb8 13. f5 gxf5 14. Ng3 fxe4 15. fxe4 Nb6 16. Nf5 Bf8 17.
Qh2 $44 {Lillo Ferrer,J-Movsziszian,K/Benasque 1998}) 12. dxc5 Nxc5 (12... Qxc5
13. e5 Rd8 14. Nd4 dxe5 15. fxe5 Qxe5 16. Bb5 a6 17. Bc6 Qc7 18. Rhe1 $36) 13.
Kb1 Rd8 (13... a6 14. Nd4 Na4 15. Ka1 Rc8) 14. Nd4 a6 15. Bc4 Nf6 16. Nb3 $1
O-O (16... Nxb3 17. Bxb3 O-O 18. h4 $16) 17. Qf2 {[%cal Ge4e5]} Rc8 $2 {
This move is not so easy to explain. It was necessary to prevent e5 and to
escape from the pin by playing 17...Qc7 with unclear position.} (17... Qc7 $1
18. Nxc5 (18. h4 $2 Ncxe4 19. fxe4 Qxc4 $17) (18. f5 $2 Ncxe4 19. fxe4 Qxc4 (
19... Nxe4 $6 20. Qg2 Nxg5 21. Bd5 {[%csl Rg5]} e6 22. h4 Nh3 23. Rxh3 exd5 24.
h5 $36) 20. Rd4 Qb5 $17) 18... dxc5 (18... Qxc5 19. Qxc5 dxc5 20. Bxa6 h6 21.
Bh4 $16) 19. Bxf6 (19. e5 Nh5 20. Qh4 Rxd1+ 21. Rxd1 Rd8 22. Rd3 Rxd3 23. cxd3
Kf8 $13) 19... Bxf6 20. e5 Bg7 21. h4 $14) 18. e5 $16 dxe5 $6 (18... Ncd7 19.
Qxb6 Nxb6 20. Bxa6 Ra8 21. exf6 exf6 22. Bb5 fxg5 23. fxg5 $16) 19. fxe5 Nfd7
20. Bxe7 Rfe8 21. Bxc5 Nxc5 22. f4 $18 Rc6 (22... Re7 23. Rd6 $18) 23. Nxc5
Rxc5 (23... Qxc5 24. Qxc5 Rxc5 25. Bxa6 g5 26. fxg5 Bxe5 27. Bd3 $18) 24. Rd7
Kh8 25. Bxf7 Qc6 26. Rhd1 Rf8 27. e6 Rxf7 28. Rd8+ 1-0

[Event "FRA-ch"]
[Site "Val d'Isere"]
[Date "2002.08.24"]
[Round "6"]
[White "Sokolov, Andrei"]
[Black "Bricard, Emmanuel"]
[Result "1-0"]
[WhiteElo "2587"]
[BlackElo "2454"]
[Annotator "Finkel,A"]
[PlyCount "87"]
[EventDate "2002.08.19"]
[EventType "tourn"]
[EventRounds "11"]
[EventCountry "FRA"]
[EventCategory "13"]
[SourceTitle "CBM 091"]
[Source "ChessBase"]
[SourceDate "2002.11.12"]
[SourceVersion "1"]
[SourceVersionDate "2002.11.12"]
[SourceQuality "1"]

1. e4 g6 2. d4 Bg7 3. Nc3 d6 4. Be3 a6 5. f4 b5 6. Be2 {In most of the cases
white prefers to put the bishop on d3 in this postion.} (6. Bd3 Bb7 7. Nf3 Nf6)
6... Nd7 (6... Bb7 7. Bf3 b4 8. e5 (8. Nd5 a5) (8. Nce2 Nf6 9. Qd3 Nbd7 10. Nh3
c5 $13) 8... d5 9. Na4 Nd7 10. c3 bxc3 11. Nxc3 e6 12. Nge2 h5 13. O-O $14 {
Arzumanian,G-Budnikov,O/Kharkov 2000}) (6... b4 7. Nb1 Bb7 8. Bf3 Nf6 9. Qd3
Nbd7 10. Nd2 O-O 11. c4 bxc3 12. bxc3 c5 13. Ne2 cxd4 14. cxd4 e5 15. Rb1 Bc6
16. O-O Bb5 17. Qc3 Rc8 18. Qb2 Re8 19. Rbe1 {1/2-1/2 Galkin,A-Ponomariov,R/
Lausanne 2000/CBM 78 (19)}) 7. Bf3 $5 (7. e5 Nh6 (7... Nb6 8. Bf3 Rb8 (8... d5
9. b3 Nh6 10. g4 f6 11. h3 Nf7 12. Qd2 fxe5 13. dxe5 e6 14. g5 Qe7 15. Qf2 $14
{Marciano,D-Avrukh,B/Cappelle la Grande 1999}) 9. b3 e6 10. Bf2 f5 11. a4 b4
12. a5 bxc3 13. axb6 cxb6 14. Ne2 Ne7 15. Nxc3 Qc7 16. Qd3 $14 {Kuczynski,
R-Urban,K/Polanica Zdroj 1999}) 8. Bf3 Rb8 9. Qe2 O-O 10. O-O-O Nb6 11. Bf2 Qd7
12. Kb1 b4 13. Nd5 $14 {Morozevich,A-Gelman,A/Krasnodar 1997}) 7... e6 (7...
Bb7 8. e5 (8. Nge2 e5 9. O-O Ngf6 10. a3 O-O $132) 8... Qc8 9. Qe2 e6 10. O-O-O
Ne7 11. d5 Nxd5 12. Nxd5 exd5 13. Bg4 $36 {Westerinen,H-Keene,R/Reykjavik 1976}
) 8. Nh3 {may be deserved attention 8.Nge2 because the knight is out of play
on h3.} Ne7 9. O-O Bb7 10. g4 h5 $5 {Forcing white to close the kingside.} 11.
g5 (11. gxh5 $6 Nf6 12. Ng5 Nxh5 $13) 11... b4 $6 {More accurate was immideate}
(11... d5 $5 12. e5 Nf5 13. Bf2 O-O $13 {with unclear position.}) 12. Ne2 d5
13. e5 Nf5 14. Bf2 c5 15. a3 bxa3 16. Rxa3 Bf8 $1 {Black couldn't afford to
himself to take on d4 followed by castle:} (16... cxd4 17. Nxd4 Nxd4 18. Bxd4
O-O $2 19. Nf2 Qc7 20. Bxh5 $1 gxh5 21. Rh3 Rfc8 22. c3 $18 {[%cal Gd1h5,Gf2g4,
Gg4f6]}) 17. Ra2 Qc7 18. c3 a5 19. Ng3 Ba6 $6 {Letting white to take on f5.} (
19... Nxg3 20. hxg3 Be7 21. Be3 Kf8 22. Nf2 Kg7 $132) 20. Nxf5 gxf5 21. Be2
Bxe2 22. Qxe2 {[%csl Rh5]} c4 23. Rfa1 Be7 24. Kg2 Ra6 (24... Kf8 25. Ng1 Kg7
26. Nf3 Nf8 $13) 25. Ng1 Qa7 26. Nf3 a4 $6 27. Kh3 Nb6 $6 28. Rg1 $1 {[%cal
Gg5g6] Suddenly white is ready to break on the kingside.} a3 29. g6 fxg6 30.
Bh4 $1 {Very important move!} (30. Rxg6 $6 Kf7 31. Rg2 Na4 $1 $17 {[%csl Rc3]})
30... Rg8 (30... Bf8 31. bxa3 Rg8 32. Ng5 Qd7 33. Rb1 $36 {[%csl Re8][%cal
Ga2b2,Gb2b8]}) 31. Bxe7 Kxe7 32. Rga1 axb2 $6 {More chances to survive would
leave} (32... Ra8 33. Rxa3 Rxa3 34. Rxa3 Qb8 $14) 33. Qxb2 Rxa2 34. Rxa2 Qc7
35. Ra6 {[%csl Re7]} Rb8 36. Qa3+ Ke8 37. Ng5 $16 {Black is totally tied up,
so white's win is just a matter of time.} Qc6 (37... Qe7 38. Qc5 $1 Qxc5 39.
dxc5 Nc8 40. Nxe6 Rb7 (40... Rb3 41. Nc7+ Kd8 42. Nxd5 $18) 41. c6 $16) 38. Nh7
Kf7 39. Ra7+ Nd7 (39... Rb7 40. Qf8#) 40. Qc5 $1 Qxc5 41. dxc5 Ke8 42. c6 Nc5
43. Nf6+ Kf8 44. Ra5 {[%cal Gf6d7]} 1-0

[Event "Budapest FS04 GM-A"]
[Site "Budapest"]
[Date "2002.04.08"]
[Round "7"]
[White "Vajda, Levente"]
[Black "Czebe, Attila"]
[Result "1-0"]
[WhiteElo "2539"]
[BlackElo "2462"]
[Annotator "Finkel,A"]
[PlyCount "44"]
[EventDate "2002.04.02"]
[EventType "tourn"]
[EventRounds "13"]
[EventCountry "HUN"]
[EventCategory "9"]
[SourceTitle "CBM 089"]
[Source "ChessBase"]
[SourceDate "2002.08.12"]
[SourceVersion "1"]
[SourceVersionDate "2002.08.12"]
[SourceQuality "1"]

1. e4 g6 2. d4 Bg7 3. Nc3 d6 4. Nf3 a6 5. h4 $5 {Interesting continuation
aiming to avoid long theoretical lines.} (5. Bg5 h6 6. Bh4 (6. Be3 b5 7. a3 Bb7
8. Bd3 Nd7 9. O-O e6 10. h3 c5 11. Re1 Ne7 12. Qd2 g5 13. Rad1 c4 14. Bf1 O-O
$132 {Krasnov,S-Maljutin,E/Moscow 1995}) 6... b5 7. Bd3 g5 $6 8. Bg3 g4 9. Nh4
Nc6 10. e5 d5 11. Ne2 h5 12. c3 e6 13. h3 $16 {Dydyshko,V-Levin,N/Kharkov 1967}
) (5. Bc4 e6 (5... c5 6. dxc5 Qa5 7. O-O Qxc5 8. Qd5 e6 9. Qd3 Nd7 10. Rd1 $14
{Mestel,A-Littlewood,J/Eastbourne 1990}) 6. Bg5 (6. Be3 Ne7 7. Qe2 Nd7 8. h4 h6
9. Bb3 b5 10. a4 b4 11. Nb1 Bb7 12. Nbd2 d5 13. exd5 Bxd5 14. a5 O-O 15. Nc4
Nf5 16. O-O-O Rc8 $132 {Marciano,D-Bezold,M/Karlsruhe 1991}) 6... Ne7 7. Qd2 h6
8. Be3 b5 9. Bd3 Nd7 10. a4 b4 11. Ne2 Rb8 12. c3 a5 13. O-O Nf6 14. h3 Bb7 15.
Ng3 $14 {Lengyel,B-Vadasz,L/Budapest 1993}) 5... Nf6 6. Bg5 $5 h6 (6... Bg4 7.
Be2 Nc6 8. d5 Bxf3 9. Bxf3 Ne5 10. Be2 c6 $132) 7. Bxf6 Bxf6 8. e5 Bg7 (8...
dxe5 9. dxe5 Bg7 10. Qxd8+ Kxd8 11. O-O-O+ Bd7 12. Bc4 e6 $14) 9. Bc4 Bg4 10.
Nd5 $5 {Knight comes to e3 to force black to take on f3.} dxe5 (10... e6 11.
Ne3 Bxf3 12. Qxf3 d5 (12... Nc6 13. O-O-O dxe5 14. dxe5 Qe7 15. h5 g5 16. Ng4
$36) 13. Bd3 c5 14. c3 Nc6 15. h5 g5 16. Nc2 Qb6 17. O-O-O $13) 11. Ne3 Bxf3
12. Qxf3 O-O (12... e6 13. d5 exd5 14. Bxd5 O-O 15. O-O-O $14) 13. h5 $1 {
Very good move after which black faces serious problems.} e6 $2 (13... exd4 14.
hxg6 $1 dxe3 15. Bxf7+ Kh8 16. Rd1 $1 exf2+ 17. Qxf2 Qc8 18. Rxh6+ $1 Bxh6 19.
Qd4+ Bg7 20. Qh4+ $18) (13... g5 $5) 14. hxg6 fxg6 15. Qe4 $5 exd4 (15... Qf6
16. Ng4 Qf5 17. Qxf5 gxf5 18. Nxh6+ Bxh6 19. Rxh6 $16) 16. Rxh6 $1 {Another
great tactical blow.} Rf6 (16... Bxh6 17. Qxg6+ Bg7 18. Bxe6+ Kh8 19. Qh5+ Bh6
20. Qxh6#) 17. Ng4 $1 $18 Bxh6 18. Nxf6+ Qxf6 (18... Kg7 19. Qxe6 Qf8 20. Ne8+
Kh8 21. Qe5+ Bg7 22. Ke2 $3 $18 {[%csl Rh8][%cal Ga1h1]}) 19. Qxb7 {[%csl Ra8,
Rb8]} Bd2+ 20. Ke2 d3+ 21. Bxd3 Ba5 22. Qxa8 Qxb2 1-0

[Event "Olympiad-34"]
[Site "Istanbul"]
[Date "2000.10.28"]
[Round "1.1"]
[White "Krylov, Sergey"]
[Black "Azmaiparashvili, Zurab"]
[Result "0-1"]
[WhiteElo "2344"]
[BlackElo "2673"]
[Annotator "Finkel,A"]
[PlyCount "58"]
[EventDate "2000.10.28"]
[EventType "team-swiss"]
[EventRounds "14"]
[EventCountry "TUR"]
[SourceTitle "EXT 2001"]
[Source "ChessBase"]
[SourceDate "2000.11.22"]
[SourceVersion "1"]
[SourceVersionDate "2000.11.22"]
[SourceQuality "1"]
[WhiteTeam "IBCA"]
[BlackTeam "Georgia"]
[BlackTeamCountry "GEO"]

1. e4 d6 2. d4 g6 3. Nc3 Bg7 4. Be3 a6 5. Qd2 b5 6. Nf3 Bb7 7. Bd3 Nd7 8. a4 b4
9. Ne2 c5 (9... a5 10. O-O Ngf6 11. Bh6 Nxe4 12. Bxe4 Bxh6 13. Qxh6 Bxe4 14.
Qg7 Rf8 15. Ng5 Nf6 $13 {Povah,N-Kenworthy,G/BCF-chT 9900 (4NCL) 2000}) (9...
Ngf6 10. Ng3 Ng4 $2 11. Qxb4 Nxe3 12. fxe3 Rb8 13. Qd2 h5 14. Ne2 e5 15. Nc3
$16 {Schandorff,L-Nielsen,S/Copenhagen op15 1993}) 10. c3 (10. Ng3 Qc7 11. c3
bxc3 12. bxc3 Ngf6 13. h3 O-O 14. O-O Rfd8 15. Bh6 $14 {Jurkovic,A-Loncar,R/
CRO-chT 1996}) 10... Ngf6 $5 {For some reason this natural move wasn't played
so far,in this game black has managed to get a significient advantage right
after the opening} (10... a5 11. O-O cxd4 12. cxd4 e6 13. Bg5 Qb6 14. h4 Ngf6
15. Ng3 h6 16. Bxf6 Bxf6 $13 {Couso,L-Burwick,M/Stockholm Elo 1998}) (10... Qa5
11. cxb4 cxb4 12. Ng3 h5 13. h4 Ngf6 14. Qe2 Ng4 15. Bd2 Nb8 16. O-O Nc6 $15 {
Krupkova,P-Bosboom Lanchava,T/BL9900 (Women) Playoff 2000}) 11. Ng3 (11. d5 a5
12. h3 O-O 13. Ng3 Re8 14. O-O $14) 11... bxc3 12. bxc3 Ng4 13. O-O (13. Bg5)
13... Nxe3 14. Qxe3 O-O 15. Ra3 $6 Qa5 16. Ne2 cxd4 17. cxd4 e5 18. d5 $6 {
Closing the center permits black to get a comfortable advantage} (18. dxe5 dxe5
19. Rb1 Nc5 20. Nd2 Rfd8 21. Nb3 Nxb3 22. Raxb3 Bc6 23. Nc3 $13) 18... f5 $15
19. exf5 (19. Ng5 Bh6 20. h4 fxe4 21. Bxe4 Nf6 $17) 19... gxf5 20. Nh4 e4 $17
21. Bb1 Bxd5 22. Qg5 (22. Nf4 Bc4 23. Rc1 Rac8 (23... d5 24. Ne6 Rf7 25. Nxg7
Kxg7 26. Qg5+ Kh8 27. Nxf5 $13) 24. Rxc4 Rxc4 25. Ba2 d5 26. Bxc4 dxc4 27. Ne6
Qd5 $1 $19 {[%csl Rg1][%cal Gd5e6,Gd5d1]}) 22... Qd8 23. Qd2 (23. Qh5 Qf6 24.
Nf4 Bc4 25. Rd1 Nc5 $17) 23... Bc4 24. Ba2 Bxa2 25. Qxa2+ Kh8 26. Ng6+ $5 hxg6
27. Rh3+ Bh6 28. Rxh6+ Kg7 29. Qd2 Ne5 $17 0-1